000 00487nam a2200157 i 4500
001 86879
003 ES-MaACL
007 t|
008 041216s1910 xxk ||||1| eng d
100 1 _aKlingenstein, L.
_968274
245 1 4 _aThe great infanta Isabel sovereign of th Netherlands /
_cby L. Klingenstein ; with an introduction by Edward Armstrong.
260 _aLondon :
_bMethnen and CÂș,
_c[1910]
300 _a322 p.
700 1 _aArmstrong, Edward.
_923000
852 _aES-MaACL
_jG-45
999 _c86879
_d86879